Statystyki dla QUIZ GEOGRAFICZNY - AZJA

Kliknij tutaj aby rozwiązać quiz!

Ogólne statystyki

  • Ten quiz został rozwiązany 186 razy
  • Średni wynik to 31 z 116

Statystyki odpowiedzi

RZEKINAZWA% Poprawnych
ChinyJangcy
65%
Indie/BangladeszGanges
58%
Nepal/ChinyMount Everest
55%
Turcja/Irak/SyriaTygrys
55%
RosjaOb
54%
RosjaLena
53%
m.in. KatarArabski
51%
Kazachstan/Rosja/Turkmenistan/Iran/AzerbejdżanMorze Kaspijskie
49%
Arabia Saudyjska/Bahrajn/Katar/Kuwejt/Irak/Iran/Oman/Zjednoczone Emiraty ArabskieZatoka Perska
49%
Turcja/Irak/SyriaEufrat
47%
Mongolia/ChinyGobi
46%
Arabia Saudyjska/Dżibuti/Egipt/Erytrea/Izrael/Jemen/Jordania/SudanMorze Czerwone
45%
Korea Północna/Korea Południowa/Japonia/RosjaMorze Japońskie
45%
Chiny
44%
Chiny/Indie/PakistanIndus
44%
ChinyHuang He
43%
m.in. Korea PółnocnaKoreański
43%
Indie/Iran/Malediwy/Oman/Pakistan/Somalia/JemenMorze Arabskie
43%
należy do Indonezja/Malezja/BruneiBorneo
42%
m.in. IndieIndyjski
41%
Chiny/Mjanma/Tajlandia/Laos/Kambodża/WietnamMekong
41%
Chiny/Korea Północna/Korea PołudniowaMorze Żółte
40%
RosjaJezioro Bajkał
39%
Arabia Saudyjska/Dżibuti/Egipt/Erytrea/Izrael/Jemen/Jordania/SudanMorze Południowochińskie
38%
Sri Lanka/Indie/Bangladesz/MjanmaZatoka Bengalska
37%
Rosja/ChinyAmur
36%
m.in. LaosIndochiński
36%
należy do IndonezjiJawa
36%
Chiny/PakistanK2
36%
m.in. RosjaKamczatka
36%
Stany Zjednoczone (Alaska)/RosjaMorze Beringa
36%
należy do ChinTajwan
35%
Chiny/Japonia/Korea PołudniowaMorze Wschodniochińskie
34%
należy do JaponiiHonsiu
33%
Indie
33%
Izrael/Jordania/PalestynaMorze Martwe
33%
należy do IndonezjiSumatra
33%
m.in. TurcjaAzja Mniejsza
32%
Japonia
32%
Pekin
32%
Afganistan
30%
RosjaJenisej
30%
m.in. MalezjaMalajski
30%
CIEŚNINY | JEZIORA | KRAINY GEOGRAFICZNE | +8 othersNAZWA
30%
Kazachstan
29%
Korea Południowa
29%
Rosja/JaponiaMorze Ochockie
29%
Arabia Saudyjska
28%
Pakistan/Indie/Nepal/Bhutan/Chiny/MjanmaHimalaje
28%
Iran
28%
Korea Północna
28%
Indonezja
27%
Pakistan
26%
Chiny/Indie/BangladeszBrahmaputra
25%
należy do IndonezjiCelebes
25%
Irak
25%
Kazachstan/UzbekistanJezioro Aralskie
25%
Syria
24%
Tokio
24%
Izrael
23%
Gruzja/Azerbejdżan/Armenia/RosjaKaukaz
23%
Tajlandia/MjanmaMorze Andamańskie
23%
Nowe Delhi
22%
Afganistan/Tadżykistan/Turkmenistan/UzbekistanAmu-daria
21%
Wietnam
21%
Dżakarta
20%
Jerozolima
20%
Malezja
20%
Seul
20%
Kirgistan/Uzbekistan/Tadżykistan/KazachstanSyr-daria
20%
Damaszek
19%
Teheran
19%
Kabul
18%
Astana / Nur-Sułtan
17%
RosjaMorze Karskie
17%
Rijad
17%
Chiny/IndieWyżyna Tybetańska
17%
Bagdad
16%
Hanoi
15%
Islamabad
15%
Kuala Lumpur
14%
ChinyNizina Chińska
14%
Indie/NepalNizina Gangesu
14%
RosjaNizina Zachodniosyberyjska
12%
KazachstanJezioro Bałchasz
11%
TurkmenistanKara-Kum
11%
Iran/Afganistan/PakistanWyżyna Irańska
11%
RosjaWyżyna Środkowosyberyjska
11%
cieśnina pomiędzy Zatoką Perską od zachodu, a Zatoką Omańską od wschoduCieśnina Ormuz
10%
Uzbekistan/KazachstanKyzył-Kum
10%
cieśnina łącząca Morze Andamańskie z Morzem PołudniowochińskimCieśnina Malakka
9%
Pakistan/Indie/ChinyKarakorum
9%
Pakistan/IndieNizina Indusu
9%
Pyongyang
9%
Kazachstan/Uzbekistan/Kirgistan/ChinyTienszan
9%
ChinyTakla Makan
8%
Rosja/Kazachstan/Mongolia/ChinyAłtaj
7%
należy do Sri LankiCeljon
7%
cieśnina łącząca Morze Czerwone z Oceanem IndyjskimCieśnina Bab Al-Mandab
7%
Irak/Iran/KuwejtNizina Mezopotamska
7%
Pakistan/AfganistanHindukusz
6%
Afganistan/Chiny/Kirgistan/TadżykistanPamir
6%
ChinyGóry Południowochińskie
4%
ChinyKotlina Kaszgarska
2%
IndonezjaKrakatau
2%
należy do FilipinFilipny
0%

Rozkład punktacji

Percentyl według liczby udzielonych odpowiedzi

Procent ludzi z każdym wynikiem

Twoja historia wyników

Nie rozwiązałeś tego quizu